| 000 | 00652nam a2200241 a 4500 | ||
|---|---|---|---|
| 005 | 20210219153141.0 | ||
| 008 | 991125n 000 0 u | ||
| 035 | _aUPN01000080388 | ||
| 100 | _aDoane, Catherine | ||
| 222 | _aEDUCATIONAL LEADERSHIP | ||
| 245 | _aGlobal issues in 6th grade? yes! | ||
| 300 | _a19-21 | ||
| 362 | _a50, No. 7, 1993 | ||
| 505 | _aOctubre 1993 | ||
| 653 | 0 | _aACREDITACION | |
| 653 | 0 | _aAPRENDIZAJE COOPERATIVO | |
| 653 | 0 | _aESCUELAS MEDIAS | |
| 653 | 0 | _aINTERESES DEL ESTUDIANTE | |
| 653 | 0 | _aPROBLEMAS MUNDIALES (MATEMATICAS) | |
| 653 | 0 | _aUNIDADES DE ESTUDIO | |
| 904 |
_aAC _b018199 |
||
| 905 | _aArticulo | ||
| 999 |
_c69514 _d69514 |
||